Statistiken für Lateinische a-Konjugation (komplett)

Klicken Sie hier um das Quiz zu spielen!

Allgemein

  • Dieses Quiz wurde 75 mal gespielt
  • Das Durchschnittsergebnis liegt bei 49 aus 120

Antwortstatistiken

Angabelaudare% Korrekt
1. P. Präs. akt. Ind.laudō
100%
2. P.laudās
98%
3. P.laudat
97%
1. P.laudāmus
95%
2. P.laudātis
95%
3. P.laudant
93%
3. P.laudātur
62%
1. P.laudābāmus
61%
3. P.laudābant
61%
2. P.laudābās
61%
3. P.laudābat
61%
2. P.laudābātis
61%
2. P.laudāminī
61%
3. P.laudantur
61%
1. P.laudāmur
59%
1. P. Präs. pass. Ind.laudor
59%
1. P. Impf. akt. Ind.laudābam
56%
2. P.laudāris
52%
1. P. Perf. akt. Ind.laudāvī
49%
1. P.laudāvimus
49%
3. P.laudāvit
49%
1. P.laudēmus
49%
3. P.laudent
49%
2. P.laudēs
49%
3. P.laudet
49%
2. P.laudētis
49%
1. P. Fut. akt. Ind.laudābō
48%
2. P.laudābāminī
44%
1. P.laudābāmur
44%
3. P.laudābantur
44%
2. P.laudābāris
44%
3. P.laudābātur
44%
1. P.laudābimus
44%
2. P.laudābis
44%
3. P.laudābit
44%
2. P.laudābitis
44%
2. P.laudāvistī
44%
1. P. Impf. pass. Ind.laudābar
43%
3. P.laudābunt
43%
2. P.laudāvistis
43%
3. P.laudāvērunt
41%
2. P.laudātus es
39%
3. P.laudātus est
39%
1. P. Perf. pass. Ind.laudātus sum
39%
1. P. Präs. akt. Konj.laudem
39%
2. P.laudēris
39%
2. P.laudātī estis
38%
1. P.laudātī sumus
38%
1. P. PQP akt. Ind.laudāveram
38%
1. P.laudāverāmus
38%
3. P.laudāverant
38%
2. P.laudāverās
38%
3. P.laudāverat
38%
2. P.laudāverātis
38%
2. P.laudēminī
38%
1. P.laudēmur
38%
3. P.laudentur
38%
1. P. Präs. pass. Konj.lauder
38%
3. P.laudētur
38%
1. P. Fut. pass. Ind.laudābor
36%
1. P.laudārēmus
36%
3. P.laudārent
36%
2. P.laudārēs
36%
3. P.laudāret
36%
2. P.laudārētis
36%
1. P.laudātī erāmus
36%
3. P.laudātī erant
36%
2. P.laudātī erātis
36%
3. P.laudātī sunt
36%
1. P. PQP pass. Ind.laudātus eram
36%
2. P.laudātus erās
36%
3. P.laudātus erat
36%
2. P.laudāberis
34%
1. P. Impf. akt. Konj.laudārem
34%
2. P.laudābiminī
33%
1. P.laudābimur
33%
3. P.laudābitur
33%
3. P.laudābuntur
33%
2. P.laudārēminī
33%
1. P.laudārēmur
33%
3. P.laudārentur
33%
3. P.laudārētur
33%
1. P.laudātī sīmus
33%
3. P.laudātī sint
33%
2. P.laudātī sītis
33%
1. P. Perf. pass. Konj.laudātus sim
33%
2. P.laudātus sīs
33%
3. P.laudātus sit
33%
1. P. Impf. pass. Konj.laudārer
31%
2. P.laudārēris
31%
2. P.laudātus essēs
31%
3. P.laudātus esset
31%
1. P.laudātī essēmus
30%
3. P.laudātī essent
30%
2. P.laudātī essētis
30%
1. P. PQP pass. Konj.laudātus essem
30%
1. P. PQP akt. Konj.laudāvissem
30%
1. P.laudāvissēmus
30%
3. P.laudāvissent
30%
2. P.laudāvissēs
30%
3. P.laudāvisset
30%
2. P.laudāvissētis
30%
1. P. Perf. akt. Konj.laudāverim
26%
1. P.laudāverimus
26%
3. P.laudāverint
26%
2. P.laudāveris
26%
3. P.laudāverit
26%
2. P.laudāveritis
26%
1. P.laudāverimus
25%
3. P.laudāverint
25%
2. P.laudāveris
25%
3. P.laudāverit
25%
2. P.laudāveritis
25%
1. P. Fut. II akt. Ind.laudāverō
25%
1. P.laudātī erimus
23%
2. P.laudātī eritis
23%
3. P.laudātī erunt
23%
2. P.laudātus eris
23%
3. P.laudātus erit
23%
1. P. Fut. II pass. Ind.laudātus erō
23%

Verteilung der Resultate

Perzentil nach korrekt beantworteten Fragen

Anzahl Personen mit jedem Resultat

Ihre Resultats-Entwicklung

Sie haben dieses Quiz noch nicht gespielt